01519nam a2200349uu 4500001000800000005001700008008004100025035001200066040001300078041000800091080000600099100004300105245009100148260004300239300001700282520024500299650003200544650004700576650002500623650003700648650002400685650003600709650004500745651005000790651006500840700004500905942001000950999001900960502001200979526000800991952017000999135684220260508084655.0140129s1988 ||||||m| spa  a1356842 ccomduadb aspa aH10aRios Madrid, Mariela4auteaut925984010aConsideraciones sobre la vida de los antioqueños durante la transición 1890 - 1920 aMedellín :b[sin publicador],c1988. a310 p. + il.3 a La tesis busca ubicar el momento histórico y social de la transición de formas de vida precapitalista a modos de producción y relaciones sociales de tipo capitalista en la Antioquia de finales del siglo XIX en transición con el XX. aAntioquia (Colombia)977506 aAntioquia (Colombia) - Aspectos culturales aVida cultural916862 aVida cultural - Antioquia946577 aAntioqueños95173 aAntioqueños - Historia963237 aAntioqueños - Vida social y costumbres 7aAntioquia (Colombia)xHistoria2embne9860517 7aAntioquia (Colombia)xVida social y costumbres2lemb985564610aMejia Fernandez, Fabio4thseths9471650 cTESIS c672012d672012 b104c12 a105 001040708GENERALaCISHbCISHd2014-01-29eMaterial adquirido por donacióniC1196016l1oH-10075p15985553r2025-12-12 13:40:48s2025-11-05t1w2023-05-02yTESIS